Systematic theology / (Record no. 1923)
[ view plain ]
| 000 -LEADER | |
|---|---|
| fixed length control field | 01114cam a2200325 a 4500 |
| 001 - CONTROL NUMBER | |
| control field | 125651 |
| 003 - CONTROL NUMBER IDENTIFIER | |
| control field | GBCCL |
| 005 - DATE AND TIME OF LATEST TRANSACTION | |
| control field | 20241126110412.0 |
| 008 - FIXED-LENGTH DATA ELEMENTS--GENERAL INFORMATION | |
| fixed length control field | 950206r19931872miu 000 0 eng d |
| 020 ## - INTERNATIONAL STANDARD BOOK NUMBER | |
| International Standard Book Number | 0802881351 |
| 020 ## - INTERNATIONAL STANDARD BOOK NUMBER | |
| International Standard Book Number | 9780802881359 |
| 029 1# - | |
| -- | NLGGC |
| -- | 122350332 |
| 035 ## - SYSTEM CONTROL NUMBER | |
| System control number | (OCoLC)ocm31945574 |
| 035 ## - SYSTEM CONTROL NUMBER | |
| System control number | (OCoLC)31945574 |
| 040 ## - CATALOGING SOURCE | |
| Original cataloging agency | MSB |
| Transcribing agency | MSB |
| Modifying agency | LBB |
| 049 ## - | |
| -- | LBBK |
| -- | LBBC |
| -- | LBBA |
| -- | 1-3 |
| 082 ## - DEWEY DECIMAL CLASSIFICATION NUMBER | |
| Classification number | 230.046 |
| Item number | HOD |
| 090 ## - LOCALLY ASSIGNED LC-TYPE CALL NUMBER (OCLC); LOCAL CALL NUMBER (RLIN) | |
| Classification number (OCLC) (R) ; Classification number, CALL (RLIN) (NR) | BT77.3 |
| Local cutter number (OCLC) ; Book number/undivided call number, CALL (RLIN) | .H63 1993 |
| 092 ## - LOCALLY ASSIGNED DEWEY CALL NUMBER (OCLC) | |
| Classification number | 230.04 |
| Item number | H662s |
| 100 1# - MAIN ENTRY--PERSONAL NAME | |
| Personal name | Hodge, Charles, |
| Dates associated with a name | 1797-1878. |
| 9 (RLIN) | 3995 |
| 245 10 - TITLE STATEMENT | |
| Title | Systematic theology / |
| Statement of responsibility, etc. | by Charles Hodge. |
| 260 ## - PUBLICATION, DISTRIBUTION, ETC. | |
| Place of publication, distribution, etc. | Grand Rapids : |
| Name of publisher, distributor, etc. | Eerdmans, |
| Date of publication, distribution, etc. | 1993,1986, 1872 |
| 300 ## - PHYSICAL DESCRIPTION | |
| Extent | 3 v. ; |
| Dimensions | 23 cm. |
| 500 ## - GENERAL NOTE | |
| General note | Originally published in 1872?; reprinted, 1993. |
| 504 ## - BIBLIOGRAPHY, ETC. NOTE | |
| Bibliography, etc. note | Includes bibliographical references and indexes. |
| 505 0# - FORMATTED CONTENTS NOTE | |
| Formatted contents note | v. 1. Introduction -- Part 1. Theology proper. v. 2. Part 2. Anthropology -- Part 3. Soteriology. v. 3. Part 3. Soteriology, cont'd. -- Part 4. Eschatology. |
| 650 #0 - SUBJECT ADDED ENTRY--TOPICAL TERM | |
| Topical term or geographic name entry element | Theology, Doctrinal. |
| 9 (RLIN) | 14 |
| 650 #0 - SUBJECT ADDED ENTRY--TOPICAL TERM | |
| Topical term or geographic name entry element | Presbyterian Church |
| General subdivision | Doctrines. |
| 9 (RLIN) | 1268 |
| 942 ## - ADDED ENTRY ELEMENTS (KOHA) | |
| Source of classification or shelving scheme | Dewey Decimal Classification |
| Koha item type | Books |
| Koha issues (borrowed), all copies | 26 |
| Withdrawn status | Lost status | Source of classification or shelving scheme | Damaged status | Not for loan | Home library | Current Library | Shelving location | Date acquired | Total checkouts | Full call number | Barcode | Date last seen | Date last checked out | Copy number | Price effective from | Koha item type | Total renewals |
|---|---|---|---|---|---|---|---|---|---|---|---|---|---|---|---|---|---|
| Dewey Decimal Classification | GRACE BIBLE COLLEGE | GRACE BIBLE COLLEGE | Theology | 2017-06-01 | 8 | 230.046 HOD | 000280 | 2025-09-01 | 2025-08-26 | v.1 | 2017-06-01 | Books | |||||
| Dewey Decimal Classification | GRACE BIBLE COLLEGE | GRACE BIBLE COLLEGE | Theology | 2017-06-01 | 8 | 230.046 HOD | 000281 | 2025-05-01 | 2024-01-29 | v.2 | 2017-06-01 | Books | 1 | ||||
| Dewey Decimal Classification | GRACE BIBLE COLLEGE | GRACE BIBLE COLLEGE | Theology | 2017-06-01 | 10 | 230.046 HOD | 000282 | 2025-08-22 | 2025-08-20 | v.3 | 2017-06-01 | Books | 1 | ||||
| Dewey Decimal Classification | GRACE BIBLE COLLEGE | GRACE BIBLE COLLEGE | Theology | 2024-01-12 | 2 | 230.046 HOD | 020671 | 2025-05-01 | 2024-07-15 | v.1 c.2 | 2024-01-12 | Books |